<?xml version="1.0" encoding="UTF-8"?>
<collection xmlns="http://www.loc.gov/MARC21/slim">
 <record>
  <leader>01020pam a22002538a 4500</leader>
  <controlfield tag="001">00036842</controlfield>
  <controlfield tag="005">20190420180445.0</controlfield>
  <controlfield tag="008">170330s2004                  ||||||Viesd</controlfield>
  <datafield tag="020" ind1="#" ind2="#">
   <subfield code="c">2300</subfield>
  </datafield>
  <datafield tag="041" ind1="0" ind2="#">
   <subfield code="a">Vie</subfield>
  </datafield>
  <datafield tag="082" ind1="1" ind2="4">
   <subfield code="a">372.63</subfield>
   <subfield code="b">T123V</subfield>
  </datafield>
  <datafield tag="100" ind1="0" ind2="#">
   <subfield code="a">Trần, Mạnh Hưởng</subfield>
   <subfield code="e">Biên soạn</subfield>
  </datafield>
  <datafield tag="245" ind1="0" ind2="0">
   <subfield code="a">Tập viết 3</subfield>
   <subfield code="c">Trần Mạnh Hưởng (b.s)</subfield>
   <subfield code="n">T.1</subfield>
  </datafield>
  <datafield tag="260" ind1="#" ind2="#">
   <subfield code="a">Hà Nội</subfield>
   <subfield code="b">Giáo dục</subfield>
   <subfield code="c">2004</subfield>
  </datafield>
  <datafield tag="300" ind1="#" ind2="#">
   <subfield code="a">44 tr.</subfield>
   <subfield code="c">24 cm.</subfield>
  </datafield>
  <datafield tag="653" ind1="#" ind2="#">
   <subfield code="a">Lớp 3</subfield>
  </datafield>
  <datafield tag="653" ind1="#" ind2="#">
   <subfield code="a">Tập viết</subfield>
  </datafield>
  <datafield tag="653" ind1="#" ind2="#">
   <subfield code="a">Tiểu học</subfield>
  </datafield>
  <datafield tag="653" ind1="#" ind2="#">
   <subfield code="a">Rèn luyện</subfield>
  </datafield>
  <datafield tag="852" ind1="#" ind2="#">
   <subfield code="j">KD.0019700</subfield>
   <subfield code="j">KGT.0052253</subfield>
   <subfield code="j">KGT.0052254</subfield>
   <subfield code="j">KGT.0052258</subfield>
   <subfield code="j">KGT.0052259</subfield>
   <subfield code="j">KGT.0052261</subfield>
   <subfield code="j">KGT.0052256</subfield>
   <subfield code="j">KGT.0052257</subfield>
   <subfield code="j">KGT.0052255</subfield>
   <subfield code="j">KGT.0052260</subfield>
  </datafield>
  <datafield tag="852" ind1="#" ind2="#">
   <subfield code="b">Kho đọc</subfield>
   <subfield code="j">KD.0019700</subfield>
  </datafield>
  <datafield tag="852" ind1="#" ind2="#">
   <subfield code="b">Kho mượn</subfield>
   <subfield code="j">KGT.0052253, KGT.0052254, KGT.0052255, KGT.0052256, KGT.0052257, KGT.0052258, KGT.0052259, KGT.0052260, KGT.0052261</subfield>
  </datafield>
  <datafield tag="910" ind1="0" ind2="#">
   <subfield code="d">30/03/2017</subfield>
   <subfield code="e">dtchanh</subfield>
   <subfield code="f">20/04/2019</subfield>
  </datafield>
  <datafield tag="980" ind1="#" ind2="#">
   <subfield code="a">Trung tâm Học liệu Lê Vũ Hùng, Trường Đại học Đồng Tháp</subfield>
  </datafield>
 </record>
</collection>
